000
00327nam a22001337a 4500
008
180115b xxu||||| |||| 00| 0 eng d
020
_a
9780495114154
041
_a
eng
080
_2
8 ED
_a
573
100
_a
11
101
_a
BIO
245
_a
STUDY GUIDE FOR SOLOMON BERG MARTINS BIOLOGY
_c
TAYLOR.R.L
942
_2
udc
_c
BK
999
_c
40305
_d
40305